000 00480nam a2200181Ia 4500
001 22918
003 GE_BSU
008 181216s||||||||xx |||||||||||||| ||und||
040 _cGE_BSU
245 4 _aThe Economist, July 28th-August 3rd №9102. 2018
260 _aParis
260 _c2018
300 _a70 p. 27cm. ill.
653 _aThe Economist, July 28th-August 3rd №9102. 2018
653 _aПериодика
653 _aპერიოდიკა
942 _cCR
999 _c55821
_d55821